[Event "SVK-chT2D 2223"]
[Site "Slovakia"]
[Date "2022.11.26"]
[Round "5.1"]
[White "Staricek, Peter"]
[Black "Mrozowski, Patryk"]
[Result "1/2-1/2"]
[WhiteElo "2225"]
[BlackElo "2142"]
[PlyCount "70"]
[EventDate "2022.10.08"]
[EventType "team-tourn"]
[EventRounds "11"]
[EventCountry "SVK"]
[SourceTitle "EXT 2024"]
[Source "ChessBase"]
[SourceDate "2023.10.10"]
[SourceVersion "1"]
[SourceVersionDate "2023.10.10"]
[SourceQuality "1"]
[WhiteTeam "Bardejov BSK"]
[BlackTeam "Stropkov/Svidnik"]
[WhiteTeamCountry "SVK"]
[BlackTeamCountry "SVK"]

1. Nf3 c5 2. c4 g6 3. g3 Bg7 4. Bg2 Nc6 5. Nc3 Nf6 6. 0-0 0-0 7. d3 d6 8. a3 Bd7 9. h3 Rb8 10. Rb1 Qc8 11. Kh2 a6 12. Bg5 b5 13. Nd5 Re8 14. Bxf6 exf6 15. Nd2 f5 16. e3 Be6 17. Qc2 Ne5 18. Rfe1 h5 19. f4 Nd7 20. b3 Qd8 21. b4 Nb6 22. Nxb6 Qxb6 23. h4 Bd7 24. e4 Qc7 25. Rec1 Rec8 26. Qd1 Qa7 27. Qf3 cxb4 28. axb4 bxc4 29. Nxc4 Qd4 30. Qe2 Be6 31. Na5 Rxc1 32. Rxc1 Re8 33. Nc6 Qb6 34. e5 Bd7 35. d4 Bf8 1/2-1/2

[Event "SVK-chT1E 2122"]
[Site "Slovakia"]
[Date "2022.05.15"]
[Round "11.3"]
[White "Garban, Mario"]
[Black "Staricek, Peter"]
[Result "0-1"]
[WhiteElo "2128"]
[BlackElo "2221"]
[PlyCount "104"]
[EventDate "2022.01.29"]
[EventType "team-tourn"]
[EventRounds "11"]
[EventCountry "SVK"]
[SourceTitle "EXT 2023"]
[Source "ChessBase"]
[SourceDate "2022.10.05"]
[SourceVersion "1"]
[SourceVersionDate "2022.10.05"]
[SourceQuality "1"]
[WhiteTeam "Dunajov Inbest II"]
[BlackTeam "Bardejov"]
[WhiteTeamCountry "SVK"]
[BlackTeamCountry "SVK"]

1. e4 g6 2. d4 Bg7 3. c3 d5 4. Nd2 dxe4 5. Nxe4 Nf6 6. Bd3 Nbd7 7. Nf3 Nxe4 8. Bxe4 0-0 9. 0-0 c5 10. Bc2 cxd4 11. Nxd4 a6 12. Bg5 Bf6 13. Bh6 Bg7 14. Bg5 Bf6 15. Bh6 Re8 16. Re1 Ne5 17. h3 Nc4 18. Rb1 Bd7 19. Bd3 Rc8 20. Nf3 b5 21. Bxc4 bxc4 22. Bg5 Bg7 23. Qd2 Bf5 24. Qxd8 Rcxd8 25. Rbd1 f6 26. Be3 e5 27. Bc5 Bd3 28. b4 Rd5 29. g4 Red8 30. Rd2 R8d7 31. Red1 f5 32. Kg2 Bh6 33. g5 Bg7 34. Kg3 f4+ 35. Kh2 Kf7 36. h4 Ke6 37. Re1 Kf5 38. Kh3 Be4 39. Rxd5 Rxd5 40. Ng1 Rd3+ 41. Kh2 Rxc3 42. a4 Bc6 43. Ra1 Rb3 44. b5 axb5 45. a5 e4 46. Ra2 Be5 47. a6 f3+ 48. Kh3 Rb1 49. Bd4 Bxd4 50. a7 Rxg1 51. a8Q Rh1+ 52. Kg3 Be5# 0-1

[Event "SVK-chT1E 1516"]
[Site "Slovakia"]
[Date "2016.03.20"]
[Round "11.2"]
[White "Staricek, Peter"]
[Black "Kopera, Michal"]
[Result "1/2-1/2"]
[WhiteElo "2225"]
[BlackElo "2098"]
[PlyCount "128"]
[EventDate "2015.10.24"]
[EventType "team-tourn"]
[EventRounds "11"]
[EventCountry "SVK"]
[SourceTitle "EXT 2017"]
[Source "ChessBase"]
[SourceDate "2016.10.25"]
[SourceVersion "1"]
[SourceVersionDate "2016.10.25"]
[SourceQuality "1"]
[WhiteTeam "Bardejov"]
[BlackTeam "Zilina Mladost II"]
[WhiteTeamCountry "SVK"]
[BlackTeamCountry "SVK"]

1. Nf3 Nf6 2. g3 g6 3. Bg2 Bg7 4. 0-0 0-0 5. c4 c5 6. Nc3 Nc6 7. d4 cxd4 8. Nxd4 Nxd4 9. Qxd4 d6 10. Qh4 Rb8 11. Bg5 Be6 12. Rac1 Re8 13. b4 a5 14. a3 axb4 15. axb4 Qb6 16. c5 dxc5 17. bxc5 Qa5 18. Ne4 Nxe4 19. Bxe4 Qc7 20. Rfd1 b5 21. cxb6 Qxb6 22. Rb1 Qa6 23. Rxb8 Rxb8 24. Bd3 Qa7 25. Bxe7 Bd4 26. Rf1 Bd5 27. Bf6 Bxf6 28. Qxf6 Qb6 29. Qxb6 Rxb6 30. f3 Rb4 31. Rc1 Kg7 32. Rc5 Be6 33. Kf2 Ra4 34. h4 h5 35. Be4 Ra3 36. Bd5 Bxd5 37. Rxd5 Rb3 38. Rd3 Rb1 39. e4 Rb2+ 40. Ke3 Rg2 41. Kf4 Ra2 42. e5 Ra4+ 43. Ke3 Ra5 44. Ke4 Ra4+ 45. Rd4 Ra5 46. Kf4 Rb5 47. g4 hxg4 48. fxg4 Rb1 49. Re4 Rf1+ 50. Kg5 Ra1 51. h5 gxh5 52. gxh5 Rg1+ 53. Rg4 Rf1 54. Rf4 Rh1 55. Rh4 Rg1+ 56. Kf5 Rf1+ 57. Ke4 Re1+ 58. Kd5 Rd1+ 59. Kc6 Rf1 60. h6+ Kh7 61. Rh5 Rf2 62. Rh4 Rf1 63. Kd6 Rf2 64. Ke7 Rf1 1/2-1/2

[Event "SVK-chT1E 1516"]
[Site "Slovakia"]
[Date "2015.12.13"]
[Round "6.3"]
[White "Pejko, Otomar"]
[Black "Staricek, Peter"]
[Result "1-0"]
[WhiteElo "2137"]
[BlackElo "2225"]
[PlyCount "121"]
[EventDate "2015.10.24"]
[EventType "team-tourn"]
[EventRounds "11"]
[EventCountry "SVK"]
[SourceTitle "CBM 170 Extra"]
[Source "ChessBase"]
[SourceDate "2016.02.25"]
[SourceVersion "1"]
[SourceVersionDate "2016.02.25"]
[SourceQuality "1"]
[WhiteTeam "Kosice Slavia"]
[BlackTeam "Bardejov"]
[WhiteTeamCountry "SVK"]
[BlackTeamCountry "SVK"]

1. e4 g6 2. d4 Bg7 3. Nc3 c6 4. a4 d5 5. e5 a5 6. Nf3 Na6 7. Be2 Bf5 8. 0-0 Nb4 9. Ne1 h5 10. Bf4 Nh6 11. Qd2 Qb6 12. Nd1 Bd7 13. c3 Na6 14. Nd3 Nf5 15. Ne3 Nxe3 16. Bxe3 Bf5 17. Nf4 Nc7 18. Bd3 Bxd3 19. Nxd3 h4 20. Nc5 h3 21. g3 Na6 22. Nd3 e6 23. Rfb1 Qc7 24. b4 axb4 25. cxb4 Nb8 26. Qd1 Nd7 27. Qg4 Nb6 28. a5 Nc4 29. Nf4 Bh6 30. Qxh3 Kd7 31. Qg2 Rag8 32. Qf3 Rh7 33. Nd3 Bxe3 34. fxe3 Nd2 35. Nc5+ Kc8 36. Qf6 Qd8 37. Qxd8+ Rxd8 38. Rd1 Nf3+ 39. Kg2 Nxh2 40. a6 Kc7 41. axb7 Ng4 42. Kf3 Nh2+ 43. Ke2 Rhh8 44. Rh1 g5 45. Kd3 g4 46. Ra2 Nf3 47. Rxh8 Rxh8 48. Ra8 Rb8 49. Na6+ Kxb7 50. Rxb8+ Kxa6 51. Rg8 Nh2 52. Rg7 Kb5 53. Rxf7 Kxb4 54. Rb7+ Ka5 55. Re7 c5 56. dxc5 Kb5 57. Rxe6 Kxc5 58. Re8 Kc6 59. Rd8 Kc7 60. Rxd5 Kc6 61. e6 1-0

[Event "SVK-chT1E 1415"]
[Site "Slovakia"]
[Date "2014.10.19"]
[Round "2.2"]
[White "Staricek, Peter"]
[Black "Milcova, Zuzana"]
[Result "1-0"]
[WhiteElo "2253"]
[BlackElo "2061"]
[PlyCount "83"]
[EventDate "2014.10.18"]
[EventType "team-tourn"]
[EventRounds "11"]
[EventCountry "SVK"]
[SourceTitle "EXT 2016"]
[Source "ChessBase"]
[SourceDate "2015.10.08"]
[SourceVersion "1"]
[SourceVersionDate "2015.10.08"]
[SourceQuality "1"]
[WhiteTeam "Bardejov"]
[BlackTeam "Dolny Kubin"]
[WhiteTeamCountry "SVK"]
[BlackTeamCountry "SVK"]

1. Nf3 d5 2. c4 c6 3. g3 Nf6 4. Bg2 Bg4 5. cxd5 cxd5 6. Ne5 Bf5 7. 0-0 Nc6 8. Nxc6 bxc6 9. d4 e6 10. Nc3 Be7 11. Bf4 0-0 12. Na4 Qa5 13. Rc1 Rac8 14. a3 Qb5 15. Re1 Be4 16. Bf1 Nd7 17. f3 Bg6 18. e4 Qb7 19. b4 Rfd8 20. exd5 Nf8 21. dxc6 Rxc6 22. Nc5 Qb6 23. Qe2 Bf6 24. Be5 Bg5 25. Rcd1 f6 26. d5 exd5 27. Bd4 Qb8 28. f4 Bh6 29. Bg2 Bf7 30. b5 Rcd6 31. a4 Ne6 32. Nxe6 Rxe6 33. Qf2 Rd7 34. h4 g5 35. Rxe6 Bxe6 36. fxg5 fxg5 37. Qf6 Bg4 38. Qh8+ Kf7 39. Rf1+ Kg6 40. Rf6+ Kh5 41. Rxh6+ Kxh6 42. Qf6+ 1-0

[Event "SVK-chT1E 1314"]
[Site "Slovakia"]
[Date "2013.11.17"]
[Round "4.3"]
[White "Staricek, Peter"]
[Black "Motycakova, Monika"]
[Result "1/2-1/2"]
[WhiteElo "2266"]
[BlackElo "2111"]
[PlyCount "60"]
[EventDate "2013.10.12"]
[EventType "team-tourn"]
[EventRounds "11"]
[EventCountry "SVK"]
[SourceTitle "EXT 2015"]
[Source "ChessBase"]
[SourceDate "2014.11.20"]
[SourceVersion "1"]
[SourceVersionDate "2014.11.20"]
[SourceQuality "1"]
[WhiteTeam "Bardejov"]
[BlackTeam "Liptov Chess School"]
[WhiteTeamCountry "SVK"]
[BlackTeamCountry "SVK"]

1. Nf3 d5 2. g3 c6 3. Bg2 Bg4 4. c4 e6 5. 0-0 Nf6 6. Qb3 Qc8 7. d4 Bd6 8. Nc3 Nbd7 9. Be3 0-0 10. Rac1 dxc4 11. Qxc4 e5 12. Qb3 exd4 13. Bxd4 Bc5 14. Rfd1 Bxd4 15. Rxd4 Nc5 16. Qc4 Bxf3 17. Qxc5 Bxg2 18. Kxg2 b6 19. Qg5 c5 20. Rd6 h6 21. Qf4 Qb7+ 22. f3 Rad8 23. Rxf6 gxf6 24. Ne4 f5 25. Qxf5 Qe7 26. Nf6+ Kg7 27. Qg4+ Kxf6 28. Qh4+ Ke6 29. Qe4+ Kf6 30. Qh4+ Ke6 1/2-1/2

[Event "SVK-chT1E 1213"]
[Site "Slovakia"]
[Date "2013.03.23"]
[Round "10.1"]
[White "Staricek, Peter"]
[Black "Matejov, Jaroslav"]
[Result "1-0"]
[WhiteElo "2246"]
[BlackElo "2137"]
[PlyCount "163"]
[EventDate "2012.10.20"]
[EventType "team-tourn"]
[EventRounds "11"]
[EventCountry "SVK"]
[SourceTitle "EXT 2015"]
[Source "ChessBase"]
[SourceDate "2014.11.20"]
[SourceVersion "1"]
[SourceVersionDate "2014.11.20"]
[SourceQuality "1"]
[WhiteTeam "Bardejov"]
[BlackTeam "Zilina Mladost"]
[WhiteTeamCountry "SVK"]
[BlackTeamCountry "SVK"]

1. Nf3 Nf6 2. g3 d5 3. c4 e6 4. Bg2 Be7 5. 0-0 0-0 6. d4 Nbd7 7. cxd5 exd5 8. Nc3 c6 9. Qc2 Re8 10. Bf4 Nf8 11. Ne5 Bd6 12. Nd3 Bf5 13. Bxd6 Qxd6 14. Qd2 Bxd3 15. Qxd3 Re7 16. Rab1 Rae8 17. b4 Ne4 18. e3 f5 19. b5 g5 20. bxc6 bxc6 21. Rfc1 Kh8 22. Qc2 Nxc3 23. Qxc3 Rc7 24. a4 Nd7 25. a5 Kg7 26. Rb2 Kg6 27. Qd3 h5 28. h3 Kf6 29. Rbc2 g4 30. h4 Rec8 31. Qb3 Nf8 32. Bf1 Ne6 33. Ba6 Rg8 34. Bb7 Rb8 35. a6 Nd8 36. Qa4 Ke7 37. Rc5 Nxb7 38. axb7 Rbxb7 39. Rxc6 Rxc6 40. Rxc6 Qd7 41. Qa3+ Kf7 42. Rh6 Kg7 43. Rxh5 Qe6 44. Qd3 Rf7 45. Qb5 Rf8 46. Qb7+ Qf7 47. Rg5+ Kh7 48. Qa6 Rd8 49. Qd3 Rf8 50. Rxg4 Rg8 51. Rf4 Rf8 52. Kf1 Qg6 53. g4 Kg7 54. Rxf5 Rxf5 55. Qxf5 Qa6+ 56. Kg2 Qb7 57. Qe5+ Kh7 58. h5 a5 59. Qe8 Qg7 60. f3 Qb7 61. Qg6+ Kh8 62. h6 a4 63. Qe8+ Kh7 64. Qxa4 Kxh6 65. Kg3 Kg7 66. Qe8 Qb3 67. Qe5+ Kg8 68. Kf4 Qb7 69. g5 Kh7 70. Qf6 Qc7+ 71. Kg4 Kg8 72. Qe6+ Kh7 73. Qxd5 Qc1 74. Qe4+ Kg7 75. Kf4 Qh1 76. Qe5+ Kg8 77. Qe6+ Kf8 78. g6 Qh2+ 79. Ke4 Qc2+ 80. Ke5 Kg7 81. Qf6+ Kh6 82. g7+ 1-0

[Event "SVK-chT1E 1213"]
[Site "Slovakia"]
[Date "2012.12.08"]
[Round "3.4"]
[White "Staricek, Peter"]
[Black "Lednicky, Martin"]
[Result "1-0"]
[WhiteElo "2246"]
[BlackElo "2263"]
[PlyCount "99"]
[EventDate "2012.10.20"]
[EventType "team-tourn"]
[EventRounds "11"]
[EventCountry "SVK"]
[SourceTitle "EXT 2014"]
[Source "ChessBase"]
[SourceDate "2013.11.20"]
[SourceVersion "1"]
[SourceVersionDate "2013.11.20"]
[SourceQuality "1"]
[WhiteTeam "Bardejov"]
[BlackTeam "Rajecke Teplice"]
[WhiteTeamCountry "SVK"]
[BlackTeamCountry "SVK"]

1. Nf3 Nf6 2. g3 d5 3. Bg2 e6 4. c4 Be7 5. 0-0 0-0 6. d4 c6 7. Nc3 a6 8. c5 Nbd7 9. Bf4 Ne8 10. e4 dxe4 11. Nxe4 Ndf6 12. Ne5 Nd5 13. Bd2 f5 14. Nc3 Bf6 15. Re1 Nec7 16. Qa4 g5 17. Rad1 Bg7 18. Qb3 Qf6 19. a4 h5 20. Ne2 Bh6 21. Nc4 Kh8 22. Qd3 Bd7 23. Nd6 Rab8 24. Ba5 Ne8 25. Nc4 f4 26. Ne5 fxg3 27. Qxg3 h4 28. Qf3 Bc8 29. Qxf6+ Rxf6 30. Ng4 Bg7 31. Nxf6 Nexf6 32. Nc3 Bd7 33. Nxd5 exd5 34. h3 Ra8 35. f3 Bf5 36. Re7 Nh5 37. Bc7 Bc2 38. Rd2 Bxa4 39. Bh2 Bb5 40. Rxb7 Re8 41. Rb8 Rxb8 42. Bxb8 Nf4 43. Bxf4 gxf4 44. Bf1 Kg8 45. Bxb5 axb5 46. Kf2 Kf7 47. Ke2 Ke6 48. Kd3 Kd7 49. Rg2 Bf6 50. Rg4 1-0

[Event "SVK-chT1E 1213"]
[Site "Slovakia"]
[Date "2012.10.20"]
[Round "1.4"]
[White "Staricek, Peter"]
[Black "Kopnicky, Vladimir"]
[Result "1-0"]
[WhiteElo "2246"]
[BlackElo "2121"]
[PlyCount "48"]
[EventDate "2012.10.20"]
[EventType "team-tourn"]
[EventRounds "11"]
[EventCountry "SVK"]
[SourceTitle "EXT 2014"]
[Source "ChessBase"]
[SourceDate "2013.11.20"]
[SourceVersion "1"]
[SourceVersionDate "2013.11.20"]
[SourceQuality "1"]
[WhiteTeam "Bardejov"]
[BlackTeam "Svit"]
[WhiteTeamCountry "SVK"]
[BlackTeamCountry "SVK"]

1. Nf3 Nf6 2. g3 g6 3. Bg2 Bg7 4. c4 0-0 5. d4 c5 6. 0-0 cxd4 7. Qxd4 Nc6 8. Qh4 d6 9. Nc3 Bg4 10. Bg5 Bxf3 11. exf3 Rb8 12. Rfd1 Nd7 13. Nd5 Re8 14. Rab1 Nc5 15. b4 Ne6 16. Be3 b6 17. Qe4 Ne5 18. f4 f5 19. Qc2 Nf7 20. Qa4 Ra8 21. c5 bxc5 22. bxc5 Rc8 23. cxd6 exd6 24. Qxa7 Nc5 1-0

[Event "SVK-chT 1011"]
[Site "Slovakia"]
[Date "2011.02.20"]
[Round "6.4"]
[White "Pacher, Milan"]
[Black "Staricek, Peter"]
[Result "1-0"]
[WhiteElo "2399"]
[BlackElo "2206"]
[PlyCount "109"]
[EventDate "2010.11.27"]
[EventType "team-tourn"]
[EventRounds "11"]
[EventCountry "SVK"]
[SourceTitle "EXT 2012"]
[Source "ChessBase"]
[SourceDate "2011.11.24"]
[SourceVersion "1"]
[SourceVersionDate "2011.11.24"]
[SourceQuality "1"]
[WhiteTeam "Bratislava Slovan"]
[BlackTeam "Bardejov"]
[WhiteTeamCountry "SVK"]
[BlackTeamCountry "SVK"]

1. d4 d5 2. c4 e6 3. Nc3 Nf6 4. cxd5 exd5 5. Bg5 Be7 6. e3 0-0 7. Bd3 c6 8. Nge2 Re8 9. Qc2 Nbd7 10. 0-0 h6 11. Bh4 Nh5 12. Bxe7 Qxe7 13. Rad1 Ndf6 14. Rfe1 Bd7 15. h3 g6 16. b4 Rac8 17. Qb3 a6 18. Na4 Bf5 19. Bxf5 gxf5 20. Nc5 Kh8 21. Nf4 Nxf4 22. exf4 Qxe1+ 23. Rxe1 Rxe1+ 24. Kh2 Ne4 25. Nxe4 Rxe4 26. Qf3 Kg7 27. Qh5 Rce8 28. Qxf5 Rxd4 29. Qd7 Ree4 30. Qxb7 Rxb4 31. Qxc6 Rxf4 32. Kg3 Rfd4 33. Qxa6 Ra4 34. Qe2 Kf6 35. Qh5 Kg7 36. Qe5+ f6 37. Qc7+ Kg6 38. Qc2+ Kg7 39. f4 Rdc4 40. Qf5 Rxa2 41. Qd7+ Kf8 42. Qxd5 Rac2 43. Qd8+ Kg7 44. Qe7+ Kg6 45. Qe8+ Kg7 46. f5 Rc7 47. Qg6+ Kh8 48. Qxh6+ Kg8 49. Qxf6 Rg7+ 50. Kf4 Rcxg2 51. Qd8+ Kf7 52. Qd5+ Kf8 53. Ke5 Re2+ 54. Kf6 Rge7 55. Kg5 1-0

[Event "SVK-chT 1011"]
[Site "Slovakia"]
[Date "2011.02.19"]
[Round "5.4"]
[White "Staricek, Peter"]
[Black "Schwarz, Dusan"]
[Result "0-1"]
[WhiteElo "2206"]
[BlackElo "2294"]
[PlyCount "98"]
[EventDate "2010.11.27"]
[EventType "team-tourn"]
[EventRounds "11"]
[EventCountry "SVK"]
[SourceTitle "EXT 2012"]
[Source "ChessBase"]
[SourceDate "2011.11.24"]
[SourceVersion "1"]
[SourceVersionDate "2011.11.24"]
[SourceQuality "1"]
[WhiteTeam "Bardejov"]
[BlackTeam "Modra"]
[WhiteTeamCountry "SVK"]
[BlackTeamCountry "SVK"]

1. Nf3 d5 2. c4 d4 3. e3 Nc6 4. Nxd4 Nxd4 5. exd4 Qxd4 6. Nc3 c6 7. d3 Nh6 8. Ne2 Qd6 9. a3 e5 10. b4 g6 11. Bb2 Bg7 12. h3 Nf5 13. c5 Qe7 14. g4 Nh4 15. Ng3 0-0 16. Qe2 Be6 17. Rg1 a5 18. Ne4 axb4 19. axb4 Rxa1+ 20. Bxa1 Ra8 21. Bb2 Ra2 22. Rg3 Bd5 23. Qc2 f5 24. gxf5 Nxf5 25. Rg4 Nd4 26. Qc3 Qe6 27. Be2 Qf5 28. b5 Nxb5 29. Qb4 Qf8 30. Rg5 Qe7 31. h4 b6 32. Bc1 bxc5 33. Qb1 Qa7 34. Bb2 Qa5+ 35. Bc3 Rxe2+ 36. Kxe2 Nxc3+ 37. Nxc3 Qxc3 38. Qb8+ Bf8 39. Rxe5 c4 40. dxc4 Bxc4+ 41. Kd1 Qd3+ 42. Ke1 Qf1+ 43. Kd2 Qxf2+ 44. Kc3 Bd5 45. h5 Qf6 46. Kd2 Qd6 47. Re8 Qxb8 48. Rxb8 gxh5 49. Ke3 Kg7 0-1

[Event "SVK-chT 1011"]
[Site "Slovakia"]
[Date "2011.01.16"]
[Round "4.6"]
[White "Staricek, Peter"]
[Black "Kubala, Jan"]
[Result "1/2-1/2"]
[WhiteElo "2206"]
[BlackElo "2230"]
[PlyCount "55"]
[EventDate "2010.11.27"]
[EventType "team-tourn"]
[EventRounds "11"]
[EventCountry "SVK"]
[SourceTitle "EXT 2012"]
[Source "ChessBase"]
[SourceDate "2011.11.24"]
[SourceVersion "1"]
[SourceVersionDate "2011.11.24"]
[SourceQuality "1"]
[WhiteTeam "Bardejov"]
[BlackTeam "Trencin"]
[WhiteTeamCountry "SVK"]
[BlackTeamCountry "SVK"]

1. g3 Nf6 2. Bg2 g6 3. c4 Bg7 4. Nc3 d6 5. Nf3 0-0 6. 0-0 c6 7. d3 e5 8. Rb1 a5 9. a3 Nbd7 10. b4 axb4 11. axb4 Qc7 12. Bd2 Re8 13. Qb3 e4 14. Ng5 exd3 15. exd3 h6 16. Nf3 Ne5 17. Nxe5 dxe5 18. b5 Bf5 19. Ne4 Nxe4 20. Bxe4 Bxe4 21. dxe4 Red8 22. Be3 Qd7 23. Rfd1 Qg4 24. bxc6 bxc6 25. Rxd8+ Rxd8 26. Qb6 Rd1+ 27. Rxd1 Qxd1+ 28. Kg2 1/2-1/2

[Event "SVK-chT 1011"]
[Site "Slovakia"]
[Date "2010.11.28"]
[Round "2.5"]
[White "Staricek, Peter"]
[Black "Rigo, Zsolt"]
[Result "1-0"]
[WhiteElo "2206"]
[BlackElo "2389"]
[PlyCount "135"]
[EventDate "2010.11.27"]
[EventType "team-tourn"]
[EventRounds "11"]
[EventCountry "SVK"]
[SourceTitle "CBM 139 Extra"]
[Source "ChessBase"]
[SourceDate "2011.01.05"]
[SourceVersion "1"]
[SourceVersionDate "2011.01.05"]
[SourceQuality "1"]
[WhiteTeam "Bardejov"]
[BlackTeam "Dunajov"]
[WhiteTeamCountry "SVK"]
[BlackTeamCountry "SVK"]

1. Nf3 c5 2. g3 g6 3. Bg2 Bg7 4. 0-0 Nc6 5. d3 e5 6. c4 Nge7 7. Nc3 0-0 8. Rb1 Rb8 9. a3 d6 10. b4 h6 11. b5 Nd4 12. b6 axb6 13. Nxd4 exd4 14. Na4 b5 15. Rxb5 Bd7 16. Rb1 b5 17. cxb5 Bxb5 18. Bd2 Qd7 19. Nb2 d5 20. Bf4 Rbc8 21. a4 Ba6 22. a5 g5 23. Bc1 Rb8 24. Ra1 c4 25. Na4 Qb5 26. Ba3 Rfe8 27. Nc5 Rbd8 28. Qc2 Bc8 29. a6 cxd3 30. exd3 Ng6 31. a7 Qc6 32. Bb4 Bf5 33. Qa4 Qa8 34. Qb5 Ne5 35. f4 gxf4 36. Rxf4 Bg6 37. Bf1 Nc6 38. Qb6 Nxb4 39. Qxb4 Bf8 40. Qb6 Rc8 41. Nd7 Re6 42. Qb8 Rec6 43. Qxa8 Rxa8 44. Nxf8 Kxf8 45. Rxd4 Rc7 46. Rda4 Bf5 47. Kf2 Re7 48. Ra5 Be6 49. Bg2 Ke8 50. Bf3 Rd7 51. Ke3 Kd8 52. Kd4 Kc7 53. Ke5 Kb6 54. Bxd5 Bxd5 55. Rxd5 Raxa7 56. Rxa7 Rxa7 57. Rd6+ Kc5 58. d4+ Kc4 59. Rc6+ Kd3 60. d5 Re7+ 61. Kd6 Ra7 62. Rc7 Ra2 63. Ke7 Rxh2 64. d6 Ke4 65. d7 Rd2 66. Rc6 Rxd7+ 67. Kxd7 h5 68. Rf6 1-0

[Event "SVK-chT 1011"]
[Site "Slovakia"]
[Date "2010.11.27"]
[Round "1.5"]
[White "Straka, Jozef1111"]
[Black "Staricek, Peter"]
[Result "1/2-1/2"]
[WhiteElo "2015"]
[BlackElo "2206"]
[PlyCount "156"]
[EventDate "2010.11.27"]
[EventType "team-tourn"]
[EventRounds "11"]
[EventCountry "SVK"]
[SourceTitle "CBM 139 Extra"]
[Source "ChessBase"]
[SourceDate "2011.01.05"]
[SourceVersion "1"]
[SourceVersionDate "2011.01.05"]
[SourceQuality "1"]
[WhiteTeam "Cadca"]
[BlackTeam "Bardejov"]
[WhiteTeamCountry "SVK"]
[BlackTeamCountry "SVK"]

1. d4 Nf6 2. c4 d6 3. Nf3 Nbd7 4. Nc3 e5 5. g3 Be7 6. Bg2 0-0 7. 0-0 Re8 8. Qc2 c6 9. h3 Qb6 10. Be3 Qa6 11. b3 Rb8 12. a4 Qa5 13. Rab1 a6 14. b4 Qc7 15. Rfd1 Nh5 16. dxe5 Nxe5 17. Nxe5 dxe5 18. a5 Be6 19. Ne4 Rbd8 20. Nc5 Bc8 21. Nd3 Rd7 22. Bb6 Qb8 23. b5 cxb5 24. cxb5 axb5 25. Rxb5 Bf8 26. Rc1 Bd6 27. Nc5 Rde7 28. Ne4 Bf5 29. g4 Bxe4 30. Bxe4 Nf4 31. Bxh7+ Kh8 32. e3 g6 33. exf4 Kxh7 34. f5 e4 35. Be3 Bf4 36. Qd2 Bh2+ 37. Kg2 Rd8 38. Qb4 Bd6 39. Qb3 Bf4 40. a6 Rd3 41. a7 Qd8 42. Qa2 Bxe3 43. a8Q Bxc1 44. Rxb7 Rxb7 45. Qxb7 Rd7 46. fxg6+ fxg6 47. Qxe4 Re7 48. Qc6 Bh6 49. Qac2 Rg7 50. Q6e4 Qf6 51. Qcc4 Rf7 52. Qed4 Qf3+ 53. Kg1 Re7 54. Qcc3 Qf8 55. Qg3 Qc8 56. g5 Qc1+ 57. Kh2 Bxg5 58. h4 Re1 59. Qd7+ Be7 60. Qd5 Kh6 61. h5 gxh5 62. Qgg8 Qf4+ 63. Kg2 Qg5+ 64. Qgxg5+ Bxg5 65. Qc6+ Kh7 66. Qc2+ Kh6 67. Qc6+ Kh7 68. Qc7+ Re7 69. Qc2+ Kh6 70. Qf5 Rg7 71. Kh3 h4 72. f4 Be7 73. Qe6+ Kh5 74. f5 Kg5 75. Qe4 Kh5 76. Qe5 Rg3+ 77. Kh2 Bg5 78. f6 Kg6 1/2-1/2

[Event "SVK-chT1E 0910"]
[Site "Slovakia"]
[Date "2010.02.14"]
[Round "9.1"]
[White "Staricek, Peter"]
[Black "Madar, Martin"]
[Result "1-0"]
[WhiteElo "2186"]
[BlackElo "2163"]
[PlyCount "77"]
[EventDate "2009.10.17"]
[EventType "team"]
[EventRounds "11"]
[EventCountry "SVK"]
[SourceTitle "EXT 2011"]
[Source "ChessBase"]
[SourceDate "2010.11.26"]
[SourceVersion "1"]
[SourceVersionDate "2010.11.26"]
[SourceQuality "1"]
[WhiteTeam "Bardejov BSK"]
[BlackTeam "Liptov"]
[WhiteTeamCountry "SVK"]
[BlackTeamCountry "SVK"]

1. Nf3 Nf6 2. g3 g6 3. Bg2 Bg7 4. 0-0 0-0 5. c4 d6 6. Nc3 e5 7. Rb1 Nc6 8. d3 Bg4 9. h3 Be6 10. b4 Qc8 11. Kh2 e4 12. Ng5 exd3 13. exd3 Bf5 14. Nge4 Re8 15. Bg5 Nd7 16. Nd5 Bxe4 17. Bxe4 h6 18. b5 hxg5 19. bxc6 bxc6 20. Nb4 a5 21. Nxc6 Ra6 22. Bg2 Rb6 23. Qd2 g4 24. h4 Qa6 25. Rxb6 cxb6 26. Qf4 Ne5 27. Nxe5 dxe5 28. Qxg4 Qa7 29. Bd5 Kh7 30. h5 Qe7 31. hxg6+ fxg6 32. Kg2 Bh6 33. Rb1 Qd6 34. Rxb6 Qxb6 35. Qd7+ Bg7 36. Qxe8 Qb1 37. Be4 Qb6 38. Qe7 Qf6 39. Qa7 1-0

[Event "SVK-chT1E 0809"]
[Site "Slovakia"]
[Date "2009.02.07"]
[Round "8.5"]
[White "Staricek, Peter"]
[Black "Kopera, Michal"]
[Result "1/2-1/2"]
[WhiteElo "2187"]
[BlackElo "2141"]
[PlyCount "134"]
[EventDate "2008.10.18"]
[EventType "team-tourn"]
[EventRounds "11"]
[EventCountry "SVK"]
[SourceTitle "EXT 2010"]
[Source "ChessBase"]
[SourceDate "2010.11.25"]
[SourceVersion "1"]
[SourceVersionDate "2010.11.25"]
[SourceQuality "1"]
[WhiteTeam "Bardejov BSK"]
[BlackTeam "Zilina Mladost"]
[WhiteTeamCountry "SVK"]
[BlackTeamCountry "SVK"]

1. Nf3 Nf6 2. g3 e6 3. Bg2 Be7 4. 0-0 0-0 5. d3 d5 6. Nbd2 c5 7. e4 Nc6 8. Re1 Qc7 9. Qe2 dxe4 10. Nxe4 Nxe4 11. Qxe4 Nd4 12. Bf4 Nxf3+ 13. Bxf3 Bd6 14. Bxd6 Qxd6 15. Qe5 Qb6 16. a4 a5 17. Re4 Bd7 18. Rc4 Rac8 19. Ra3 f6 20. Qc3 Qa7 21. d4 cxd4 22. Qxd4 Qxd4 23. Rxd4 Bc6 24. Bxc6 Rxc6 25. Rb3 b6 26. Rb5 Rb8 27. c3 Rb7 28. Kf1 Kf7 29. Rd8 Ke7 30. Ra8 Rd7 31. Rb8 Rdd6 32. Rb7+ Kf8 33. Ke2 e5 34. g4 h6 35. f3 Kg8 36. h4 Kh7 37. Ke3 h5 38. g5 Kg6 39. gxf6 Kxf6 40. Kf2 g6 41. Kg3 Ke6 42. Rb8 Kf6 43. b4 axb4 44. cxb4 Re6 45. a5 bxa5 46. bxa5 Ra6 47. R8b6 Ra7 48. f4 exf4+ 49. Kxf4 Rxb6 50. Rxb6+ Kg7 51. a6 Kh6 52. Ke5 Rf7 53. Rf6 Rd7 54. Rd6 Rf7 55. Rd5 Ra7 56. Rd6 Rf7 57. Kd5 Rf4 58. a7 Ra4 59. Rd7 g5 60. hxg5+ Kxg5 61. Kc5 Ra1 62. Kb6 Kg4 63. Rd5 Rxa7 64. Kxa7 h4 65. Kb6 h3 66. Kc5 h2 67. Rd1 Kg3 1/2-1/2

[Event "SVK-chT2D 0708"]
[Site "Slovakia"]
[Date "2007.11.04"]
[Round "4.15"]
[White "Staricek, Peter"]
[Black "Kalavsky, Frantisek"]
[Result "1/2-1/2"]
[WhiteElo "2187"]
[BlackElo "1983"]
[PlyCount "59"]
[EventDate "2007.10.06"]
[EventType "team-tourn"]
[EventRounds "11"]
[EventCountry "SVK"]
[SourceTitle "EXT 2010"]
[Source "ChessBase"]
[SourceDate "2010.11.25"]
[SourceVersion "1"]
[SourceVersionDate "2010.11.25"]
[SourceQuality "1"]
[WhiteTeam "Bardejov BSK"]
[BlackTeam "Gelnica Slovan"]
[WhiteTeamCountry "SVK"]
[BlackTeamCountry "SVK"]

1. Nf3 c5 2. g3 Nc6 3. Bg2 d5 4. 0-0 Nf6 5. d3 e5 6. Nbd2 Bd6 7. e4 d4 8. h3 0-0 9. a4 h6 10. Nc4 Bc7 11. Nh4 Be6 12. b3 Qd7 13. g4 Bd8 14. Nf5 Bxf5 15. gxf5 Bc7 16. Kh1 Kh7 17. f4 exf4 18. Bxf4 Bxf4 19. Rxf4 Rac8 20. Qf3 Qc7 21. Rf1 Ne5 22. Nxe5 Qxe5 23. h4 a5 24. Bh3 Rg8 25. Bg4 b6 26. Qh3 Rcd8 27. Bd1 Rb8 28. R4f2 Rbc8 29. Rg1 Rb8 30. Qf3 1/2-1/2